[Event "Catalunya-chT Gp1 Final"]
[Site "Barcelona"]
[Date "2024.03.09"]
[Round "1.5"]
[White "Ramirez Garcia, Jorge Alberto"]
[Black "Colon Garcia, Enrique"]
[Result "1-0"]
[WhiteElo "2226"]
[BlackElo "2260"]
[PlyCount "95"]
[EventDate "2024.03.09"]
[EventType "team-k.o."]
[EventRounds "3"]
[EventCountry "ESP"]
[SourceTitle "CBM 220 Extra"]
[Source "ChessBase"]
[SourceDate "2024.07.31"]
[SourceVersion "1"]
[SourceVersionDate "2024.07.31"]
[SourceQuality "1"]
[WhiteTeam "Ateneu Colon"]
[BlackTeam "Sant Andreu"]
[WhiteTeamCountry "ESP"]
[BlackTeamCountry "ESP"]

1. e4 c5 2. c3 e5 3. Nf3 Nc6 4. Bc4 Be7 5. d4 cxd4 6. cxd4 Nf6 7. dxe5 Nxe5 8. Nxe5 Qa5+ 9. Nc3 Qxe5 10. 0-0 0-0 11. Re1 Bb4 12. Qb3 a5 13. h3 d6 14. f4 Bc5+ 15. Kh1 Qh5 16. Nd5 Ng4 17. Bd2 Bd7 18. Qf3 Qh4 19. Ne3 Nf6 20. Bd5 Rfe8 21. Bc3 Bxe3 22. Rxe3 Nxd5 23. exd5 Rxe3 24. Qxe3 Re8 25. Qf3 a4 26. Kh2 Bb5 27. Qg3 Qxg3+ 28. Kxg3 Bc4 29. a3 Re3+ 30. Kf2 Re4 31. g3 Re2+ 32. Kf3 Rh2 33. Kg4 Bxd5 34. Rd1 h5+ 35. Kh4 Be6 36. Rxd6 Rxh3+ 37. Kg5 Rxg3+ 38. Kxh5 Rh3+ 39. Kg5 Rg3+ 40. Kh5 Kh7 41. Rb6 Rg4 42. Rxe6 Rxf4 43. Rb6 Rf2 44. Kg4 f6 45. Rxb7 Kg6 46. Rb5 Re2 47. Kf3 Re8 48. Ra5 1-0

[Event "Catalunya-chT Gp2"]
[Site "Barcelona"]
[Date "2020.02.01"]
[Round "3.4"]
[White "Colon Garcia, Enrique"]
[Black "Baches Garcia, Guillermo"]
[Result "0-1"]
[WhiteElo "2285"]
[BlackElo "2322"]
[PlyCount "116"]
[EventDate "2020.01.18"]
[EventType "team-tourn"]
[EventRounds "7"]
[EventCountry "ESP"]
[SourceTitle "CBM 194 Extra"]
[Source "ChessBase"]
[SourceDate "2020.03.31"]
[SourceVersion "1"]
[SourceVersionDate "2020.03.31"]
[SourceQuality "1"]
[WhiteTeam "Sant Andreu"]
[BlackTeam "Salauris"]
[WhiteTeamCountry "ESP"]
[BlackTeamCountry "ESP"]

1. e4 c5 2. Nf3 d6 3. Bb5+ Bd7 4. Bxd7+ Qxd7 5. 0-0 Nf6 6. Re1 Nc6 7. c3 e6 8. d4 cxd4 9. cxd4 d5 10. e5 Ne4 11. Nbd2 Nxd2 12. Bxd2 Bb4 13. Rc1 Bxd2 14. Qxd2 0-0 15. Rc3 Rac8 16. h4 Ne7 17. Ra3 a6 18. h5 h6 19. g4 Rc4 20. Nh4 Nc6 21. Rd3 Qe7 22. Nf3 Qb4 23. Qe3 f6 24. Rb3 Qe7 25. exf6 Rxf6 26. Rc3 Qf7 27. Kg2 Rf4 28. Qxe6 Qxe6 29. Rxe6 Nxd4 30. Rxc4 dxc4 31. Nxd4 Rxg4+ 32. Kf3 Rxd4 33. Re7 b5 34. Ra7 Rd2 35. Ke3 Rxb2 36. Rxa6 b4 37. Rc6 c3 38. a3 bxa3 39. Rxc3 a2 40. Rc8+ Kf7 41. Ra8 Kf6 42. Ra5 Ke6 43. f3 Kd6 44. Kf4 Re2 45. Ra8 Kd5 46. Kf5 Kc4 47. Kg6 Rg2+ 48. Kf7 Kb3 49. f4 Kb2 50. Rb8+ Kc1 51. Ra8 Kb1 52. Rb8+ Rb2 53. Rxb2+ Kxb2 54. Kxg7 a1Q 55. Kxh6 Qa6+ 56. Kg7 Qb7+ 57. Kg6 Qe4+ 58. Kg7 Qxf4 0-1

[Event "Catalunya-chT Gp2"]
[Site "Barcelona"]
[Date "2016.02.20"]
[Round "5.3"]
[White "Colon Garcia, Enrique"]
[Black "Pena Marti, Jordi"]
[Result "1-0"]
[WhiteElo "2303"]
[BlackElo "2157"]
[PlyCount "49"]
[EventDate "2016.01.23"]
[EventType "team-tourn"]
[EventRounds "7"]
[EventCountry "ESP"]
[SourceTitle "EXT 2017"]
[Source "ChessBase"]
[SourceDate "2016.10.25"]
[SourceVersion "1"]
[SourceVersionDate "2016.10.25"]
[SourceQuality "1"]
[WhiteTeam "Colon Sabadell"]
[BlackTeam "Sant Boi"]
[WhiteTeamCountry "ESP"]
[BlackTeamCountry "ESP"]

1. d4 e6 2. e4 d5 3. Nd2 Nf6 4. e5 Nfd7 5. Bd3 c5 6. c3 Nc6 7. Ne2 Qb6 8. Nf3 cxd4 9. cxd4 f6 10. exf6 Nxf6 11. 0-0 Bd6 12. b3 Qc7 13. Bb2 0-0 14. Rc1 Ng4 15. Ng3 e5 16. dxe5 Ngxe5 17. Nxe5 Bxe5 18. Rxc6 bxc6 19. Qh5 g6 20. Qxe5 Qxe5 21. Bxe5 Re8 22. f4 a5 23. Rc1 Ba6 24. Be2 g5 25. Bh5 1-0

[Event "Sant Boi Chalmeta Memorial"]
[Site "Sant Boi de Llobregat"]
[Date "2015.05.15"]
[Round "4"]
[White "Colon Garcia, Enrique"]
[Black "Campos Olaya, Israel"]
[Result "1-0"]
[WhiteElo "2283"]
[BlackElo "2166"]
[PlyCount "41"]
[EventDate "2015.04.17"]
[EventType "tourn"]
[EventRounds "9"]
[EventCountry "ESP"]
[EventCategory "2"]
[SourceTitle "EXT 2016"]
[Source "ChessBase"]
[SourceDate "2015.10.08"]
[SourceVersion "1"]
[SourceVersionDate "2015.10.08"]
[SourceQuality "1"]

1. d4 Nf6 2. c4 e6 3. Nc3 d5 4. Nf3 Bd6 5. Bg5 c6 6. e3 Nbd7 7. Qc2 h6 8. Bh4 Qa5 9. Nd2 0-0 10. Be2 e5 11. 0-0-0 exd4 12. Nb3 Qb4 13. Nxd4 dxc4 14. a3 Qc5 15. Na4 Qa5 16. Nxc6 Qc7 17. Nd4 a6 18. Nf5 Be5 19. f4 Bxf4 20. exf4 Qxf4+ 21. Kb1 1-0

[Event "Sant Boi Chalmeta Memorial"]
[Site "Sant Boi de Llobregat"]
[Date "2015.05.08"]
[Round "3"]
[White "Garrido Fernandez, Daniel"]
[Black "Colon Garcia, Enrique"]
[Result "1-0"]
[WhiteElo "2246"]
[BlackElo "2283"]
[PlyCount "157"]
[EventDate "2015.04.17"]
[EventType "tourn"]
[EventRounds "9"]
[EventCountry "ESP"]
[EventCategory "2"]
[SourceTitle "EXT 2016"]
[Source "ChessBase"]
[SourceDate "2015.10.08"]
[SourceVersion "1"]
[SourceVersionDate "2015.10.08"]
[SourceQuality "1"]

1. e4 c5 2. Nf3 d6 3. Bb5+ Nc6 4. Bxc6+ bxc6 5. 0-0 Bg4 6. h3 Bh5 7. e5 dxe5 8. g4 e4 9. gxh5 exf3 10. Nc3 e6 11. Qxf3 Rc8 12. d3 Ne7 13. Re1 Nd5 14. Ne4 Be7 15. b3 0-0 16. Bb2 f5 17. Qg3 Rf7 18. Nd2 Bh4 19. Qg2 Nf4 20. Qf3 Qg5+ 21. Kf1 Nxh5 22. Nc4 Rcf8 23. Re5 Qf4 24. Qxf4 Nxf4 25. Rxc5 Nxh3 26. Kg2 Nf4+ 27. Kf3 g5 28. Rh1 Ng6 29. Ne5 Nxe5+ 30. Bxe5 Rc8 31. Ke2 Rd7 32. c4 Kf7 33. d4 Kg6 34. b4 Rdd8 35. Rh3 h5 36. a4 f4 37. Bxf4 Rxd4 38. Be3 Rdd8 39. Bxg5 Bxg5 40. Rg3 Rd2+ 41. Ke1 Rcd8 42. Rcxg5+ Kf6 43. Rxh5 Rb2 44. b5 cxb5 45. axb5 Rd4 46. Rh6+ Ke7 47. Rh7+ Kd6 48. Rc3 Kc5 49. Rxa7 Rdd2 50. Rc7+ Kb4 51. Rf3 Rdc2 52. Kf1 Rxc4 53. b6 Rxc7 54. bxc7 Rc2 55. Rf7 Kb5 56. Re7 Kb6 57. Rxe6+ Kxc7 58. Re2 Rc1+ 59. Kg2 Kd7 60. Kg3 Ra1 61. Kg4 Rb1 62. f4 Rg1+ 63. Kf5 Rg8 64. Re4 Ra8 65. Kg5 Rg8+ 66. Kf6 Rf8+ 67. Kg6 Rg8+ 68. Kf7 Rg4 69. Rd4+ Kc6 70. Ke6 Rg6+ 71. Ke7 Rg4 72. Rd6+ Kc5 73. f5 Rg7+ 74. Kf6 Ra7 75. Rd8 Ra1 76. Kf7 Ra7+ 77. Ke6 Ra1 78. f6 Rf1 79. f7 1-0

[Event "Catalunya-ch"]
[Site "Barcelona"]
[Date "2015.05.03"]
[Round "1.2"]
[White "Colon Garcia, Enrique"]
[Black "Narciso Dublan, Marc"]
[Result "0-1"]
[WhiteElo "2314"]
[BlackElo "2529"]
[PlyCount "70"]
[EventDate "2015.05.02"]
[EventType "k.o."]
[EventRounds "4"]
[EventCountry "ESP"]
[SourceTitle "CBM 166 Extra"]
[Source "ChessBase"]
[SourceDate "2015.06.18"]
[SourceVersion "1"]
[SourceVersionDate "2015.06.18"]
[SourceQuality "1"]

1. e4 d6 2. d4 Nf6 3. Nc3 g6 4. Be3 a6 5. f3 b5 6. Qd2 Nbd7 7. 0-0-0 Bb7 8. Kb1 c5 9. dxc5 dxc5 10. g4 h6 11. h4 e6 12. Bf4 Qb6 13. Nge2 0-0-0 14. Bg2 Be7 15. Qe1 c4 16. Ng3 Nc5 17. Rxd8+ Rxd8 18. Bxh6 b4 19. Nd1 c3 20. b3 a5 21. Ne3 a4 22. Nc4 Qa7 23. Qe2 Ba6 24. Be3 Qc7 25. f4 axb3 26. axb3 Nfd7 27. e5 Nb6 28. Nd6+ Bxd6 29. exd6 Rxd6 30. Qf2 Nxb3 31. Ne4 Nc4 32. Nxd6+ Qxd6 33. cxb3 Qd3+ 34. Ka1 c2 35. Bd4 Qxb3 0-1

[Event "Catalunya-ch"]
[Site "Barcelona"]
[Date "2015.05.02"]
[Round "1.1"]
[White "Narciso Dublan, Marc"]
[Black "Colon Garcia, Enrique"]
[Result "1-0"]
[WhiteElo "2529"]
[BlackElo "2314"]
[PlyCount "109"]
[EventDate "2015.05.02"]
[EventType "k.o."]
[EventRounds "4"]
[EventCountry "ESP"]
[SourceTitle "CBM 166 Extra"]
[Source "ChessBase"]
[SourceDate "2015.06.18"]
[SourceVersion "1"]
[SourceVersionDate "2015.06.18"]
[SourceQuality "1"]

1. d4 Nf6 2. c4 e6 3. Nc3 Bb4 4. Qc2 b6 5. a3 Bxc3+ 6. Qxc3 0-0 7. Nf3 Ba6 8. b4 d6 9. e3 Nbd7 10. Be2 Rc8 11. 0-0 c5 12. dxc5 bxc5 13. b5 Bb7 14. Bb2 e5 15. Nd2 Qe7 16. Rfd1 Rfd8 17. a4 h5 18. Qc2 Nf8 19. a5 h4 20. h3 N8h7 21. a6 Ba8 22. Nb3 Ng5 23. Na5 Qe6 24. Nb7 Rd7 25. Bd3 e4 26. Bf1 Bxb7 27. axb7 Rxb7 28. Ra6 Ne8 29. Rd5 f5 30. Qd1 Nf7 31. Rd2 Qe7 32. f4 Nf6 33. Be2 Rcc7 34. Qe1 Ne8 35. Bh5 Rb6 36. Rd5 Rxa6 37. bxa6 Qe6 38. Qxh4 Rc6 39. g4 Rxa6 40. gxf5 Qh6 41. Bxf7+ Kxf7 42. Qg3 Rb6 43. Rd2 Qh5 44. Qg5 Qxg5+ 45. fxg5 Rb4 46. h4 Rxc4 47. h5 Rb4 48. Rf2 a5 49. h6 gxh6 50. g6+ Kf8 51. f6 Nxf6 52. Bxf6 Kg8 53. Rh2 Rb1+ 54. Kg2 Re1 55. Rxh6 1-0

[Event "Lisbon Christmas op"]
[Site "Lisbon"]
[Date "2014.12.29"]
[Round "6"]
[White "Bayon Rolo, Juan Andres"]
[Black "Colon Garcia, Enrique"]
[Result "0-1"]
[WhiteElo "1871"]
[BlackElo "2285"]
[PlyCount "22"]
[EventDate "2014.12.26"]
[EventType "swiss"]
[EventRounds "9"]
[EventCountry "POR"]
[SourceTitle "EXT 2018"]
[Source "ChessBase"]
[SourceDate "2017.10.13"]
[SourceVersion "1"]
[SourceVersionDate "2017.10.13"]
[SourceQuality "1"]

1. e4 c5 2. c3 d6 3. d4 Nf6 4. dxc5 Nc6 5. f3 e5 6. Be3 d5 7. exd5 Nxd5 8. Bf2 Be6 9. Na3 Be7 10. Qa4 Bg5 11. Nc2 Nxc3 0-1

[Event "Lisbon Christmas op"]
[Site "Lisbon"]
[Date "2014.12.27"]
[Round "2"]
[White "Burmakin, Vladimir"]
[Black "Colon Garcia, Enrique"]
[Result "1-0"]
[WhiteElo "2579"]
[BlackElo "2285"]
[PlyCount "91"]
[EventDate "2014.12.26"]
[EventType "swiss"]
[EventRounds "9"]
[EventCountry "POR"]
[SourceTitle "CBM 164 Extra"]
[Source "ChessBase"]
[SourceDate "2015.03.02"]
[SourceVersion "1"]
[SourceVersionDate "2015.03.02"]
[SourceQuality "1"]

1. d4 Nf6 2. Nf3 e6 3. Bf4 c5 4. e3 Be7 5. Nbd2 b6 6. c3 Bb7 7. h3 0-0 8. Bd3 cxd4 9. exd4 d6 10. 0-0 Nbd7 11. Re1 Re8 12. a4 a6 13. Bh2 Nf8 14. Nc4 Nd5 15. Nfd2 b5 16. Ne3 Nxe3 17. Rxe3 b4 18. cxb4 Bg5 19. Re2 Ng6 20. Ne4 Bf4 21. g3 Bh6 22. b5 f5 23. Nc3 axb5 24. Bxb5 Qf6 25. Qb3 Re7 26. Rae1 d5 27. Qd1 f4 28. Rc2 Rf8 29. a5 Kh8 30. a6 Ba8 31. Bf1 fxg3 32. Bxg3 Bf4 33. Bg2 Nh4 34. Bxh4 Qxh4 35. Qg4 Qf6 36. Rce2 Qxd4 37. Rxe6 Rxe6 38. Rxe6 Qc5 39. Qe2 Bg3 40. Nd1 Bc6 41. b4 Qb6 42. Bxd5 Qxb4 43. Bxc6 Bb8 44. Re8 Qf4 45. Rxf8+ Qxf8 46. Qe8 1-0